|
|
|
|
| LEADER |
00000nas a2200000 a 4500 |
| 001 |
ssj0024688 |
| 003 |
WaSeSS |
| 005 |
20200512172242.0 |
| 006 |
m d |
| 007 |
cr n |
| 008 |
850807d19851991wauqr p s 0 a0eng c |
| 010 |
|
|
|a sc 85007098
|
| 022 |
|
|
|l 1043-5212
|y 1043-5212
|
| 035 |
|
|
|a (WaSeSS)ssj0024688
|
| 040 |
|
|
|a WAU
|b eng
|c WAU
|d DLC
|d HUL
|d NST
|d NSD
|d NST
|d HUL
|d DLC
|d OCLCQ
|d OCLCF
|d OCLCO
|d OCLCA
|d OCLCQ
|d WaSeSS
|
| 042 |
|
|
|a pcc
|a nsdp
|
| 043 |
|
|
|a n-usp--
|
| 050 |
|
4 |
|a HC107.A19
|b P325
|
| 210 |
0 |
|
|a Pac. Northwest exec.
|
| 222 |
|
0 |
|a Pacific Northwest executive
|
| 245 |
0 |
0 |
|a Pacific Northwest executive
|h [electronic resource] /
|c University of Washington Graduate School of Business.
|
| 260 |
|
|
|a [Seattle, WA] :
|b [Graduate School of Business Administration, University of Washington],
|c [1985]-
|
| 310 |
|
|
|a Quarterly
|
| 362 |
0 |
|
|a Vol. 1, no. 1 (July 1985)-
|
| 362 |
1 |
|
|a Ceased with v. 7, no. 3 (July 1991)
|z Cf. phone call to publisher.
|
| 500 |
|
|
|a Title from cover.
|
| 506 |
|
|
|a License restrictions may limit access.
|
| 650 |
|
0 |
|a Industrial policy
|z Northwest, Pacific
|v Periodicals.
|
| 650 |
|
0 |
|a Management
|z Northwest, Pacific
|v Periodicals.
|
| 650 |
|
7 |
|a Economic history.
|2 fast
|0 (OCoLC)fst00901974
|
| 650 |
|
7 |
|a Industrial policy.
|2 fast
|0 (OCoLC)fst00971433
|
| 650 |
|
7 |
|a Management.
|2 fast
|0 (OCoLC)fst01007141
|
| 651 |
|
0 |
|a Northwest, Pacific
|x Economic conditions
|v Periodicals.
|
| 651 |
|
7 |
|a Pacific Northwest.
|2 fast
|0 (OCoLC)fst01242543
|
| 655 |
|
0 |
|a Electronic journals.
|
| 710 |
2 |
|
|a University of Washington.
|b Graduate School of Business Administration.
|
| 850 |
|
|
|a CU
|a CaBVaU
|a GU
|a MH-BA
|a NN
|a OrU
|a PPT
|a PU-W
|a Wa
|a WaU
|
| 856 |
4 |
0 |
|z Full text available from Research Library: 10/01/1986 to 10/31/1990
|u https://search.proquest.com/publication/3381
|